Sports Quiz

Random Sports or Football Quiz

AFL Teams Quiz Stats

 Plays Quiz Retired Jun 22, 2021

     
Support Sporcle.
Go Orange.
Score 0/8 Timer 06:00
0 Plays Today
Division Team % Correct
SouthTampa Bay Storm
64.2%
SouthOrlando Predators
59.4%
PacificPortland Steel
57.7%
WestArizona Rattlers
44.8%
EastCleveland Gladiators
44.5%
SouthJacksonville Sharks
34.9%
WestLos Angeles KISS
31.7%
EastPhiladelphia Soul
19%

From the Vault

Before and After: Movies

by stanvick

Movies 7m
Some of these movies weren't so good by themselves, but put together, I think they'd be pretty interesting.
Remove Ads.
Support Sporcle.
Get the best of Sporcle when you Go Orange. This ad-free experience offers more features, more stats, and more fun while also helping to support Sporcle. Thank you for becoming a member.

Show Comments

Extras

Top Quizzes Today


Score Distribution

Your Account Isn't Verified!

In order to create a playlist on Sporcle, you need to verify the email address you used during registration. Go to your Sporcle Settings to finish the process.

Report this User

Report this user for behavior that violates our Community Guidelines.

Details: